| 000 | 01614nmc a2200397 a 4500 | ||
|---|---|---|---|
| 003 | AR-BaBNM | ||
| 005 | 20251128202658.0 | ||
| 008 | 035020s2003 ||||||||||||||000 | spa|| | ||
| 020 | _a950-07-2344-1 | ||
| 040 | _cAR-BaBNM | ||
| 245 | 1 | 0 |
_aViolencia, proscripción y autoritarismo _b1955-1976 |
| 260 |
_aBuenos Aires _bSudamericana _c2003 |
||
| 300 | 0 |
_a439 p. _bfot. |
|
| 490 | 0 |
_aNueva historia argentina _vv. 9 |
|
| 505 |
_tGolpes, proscripciones y partidos políticos _rTcach, César |
||
| 505 |
_tEl país del desarrollo posible _rAroskind, Ricardo |
||
| 505 |
_tSindicatos, burócratas y movilización _rJames, Daniel |
||
| 505 |
_tEl interior en disputa : proyectos de desarrollo y movimientos de protesta en las regiones extrapampeanas _rHealey, Mark Alan |
||
| 505 |
_t¿Y esto es Buenos Aires? : los contrastes del proceso de urbanización _rAuyero, Javier |
||
| 505 |
_tLa modernización cultural y la irrupción de la sociología _rRubinich, Lucas |
||
| 505 |
_tRebeldes y modernos : una cultura de los jóvenes _rPujol, Sergio A. |
||
| 505 |
_tProtesta, rebelión y movilización : de la resistencia a la lucha armada, 1955-1973 _rGordillo, Mónica B. |
||
| 505 |
_tEl populismo imposible y sus actores, 1973-1976 _rSvampa, Maristella |
||
| 650 | 4 | _aHISTORIA ARGENTINA | |
| 650 | 4 | _aCORDOBAZO | |
| 650 | 4 | _aSINDICATOS | |
| 650 | 4 | _aPARTIDOS POLITICOS ARGENTINOS | |
| 650 | 4 | _aURBANIZACION | |
| 650 | 4 | _aINTELECTUALES | |
| 650 | 4 | _aHISTORIA CULTURAL | |
| 653 | _aPERONISMO | ||
| 700 | 1 |
_aJames, Daniel _edirector |
|
| 800 | 1 | _aSuriano, Juan | |
| 942 | _cBK | ||
| 998 | _cme-solo cat | ||
| 999 |
_c94 _d94 |
||